| 000 | 00635nam a22002177a 4500 | ||
|---|---|---|---|
| 999 |
_c5922 _d5922 |
||
| 003 | AR-CdUCM | ||
| 008 | 190313b ||||| |||| 00| 0 spa d | ||
| 040 |
_aMUNICIPALIDAD PROVINCIAL DEL CUSCO _cBIBLIOTECA MUNICIPAL DEL CUSCO |
||
| 082 |
_a869.56 / _bR78 |
||
| 100 |
_aRosas, José Ruiz _917426 |
||
| 245 | _aDialogo a solas / | ||
| 260 |
_aTacna : _bEdiciones Cuaderna Via, _c1982. |
||
| 300 |
_a62 paginas ; _c14 cm. |
||
| 500 | _aDonación familia Nieto | ||
| 505 | _aContenido :Poesías / | ||
| 650 |
_aLiteratura peruana _9169 |
||
| 650 |
_aPoesías _92272 |
||
| 650 |
_aSiglo XX _98 |
||
| 942 |
_2ddc _cLIBROS |
||
| 945 | _arjall | ||